000 01701cam a2200421 i 4500
999 _c11197
_d11197
001 17586870
003 GZU
005 20240403112729.0
008 130110s2014 paua 000 0 eng
010 _a 2012049316
020 _a9781451185454 (pbk.)
022 _aNo number
040 _aDLC
_beng
_cDLC
_erda
_dDLC
042 _apcc
043 _an-us---
050 0 0 _aRT55
_bRUP 2014
082 0 0 _a610.73076
_223
084 _aMED058210
_2bisacsh
100 1 _aRupert, Diana L.
245 1 0 _aLippincott's NCLEX-RN(r) alternate-format questions/
_cDiana Rupert.
250 _aFifth edition.
264 1 _aPhiladelphia:
_bWolters Kluwer, Lippincott Williams & Wilkins Health,
_c[2014]
300 _avii, 328 pages:
_billustrations;
_c26cm
336 _atext
_2rdacontent
337 _aunmediated
_2rdamedia
338 _avolume
_2rdacarrier
504 _aIncludes bibliographical references.
505 _rDiana Rupert
520 _aAudio questions, Graphic option questions
650 0 _aNursing
_vExaminations, questions, etc.
650 0 _aNursing
_vOutlines, syllabi, etc.
650 0 _aNurses
_xLicenses
_zUnited States
_xExaminations
_vStudy guides.
650 7 _aMEDICAL / Nursing / Test Preparation & Review
_2bisacsh.
775 0 8 _iRevision of:
_tNCLEX-RN alternate-format questions
_b5th ed.
_dPhiladelphia : Wolters Kluwer Health/Lippincott Williams & Wilkins, c2011
_nRT55 .N435 2011
_w(DLC) 2009053138
906 _a7
_bcbc
_corignew
_d1
_eecip
_f20
_gy-gencatlg
942 _2lcc
_cBK
_eFifth edition
_h55
_iRUP
_kRT